000 00800cam a22002291 4500
001 sa 68017168
003 DLC
005 20260227112700.0
008 720410s1968 io 000 0 eng
010 _asa 68017168
025 _aPL480:Indo-7769
040 _aDLC
_cDLC
_dDLC
043 _aa-io---
050 0 0 _aJ631
_b.H53
082 0 0 _a320.9/91
110 1 _aIndonesia.
_bMajelis Permusyawaratan Rakyat.
245 1 0 _aDecisions of the special session of the Madjelis Permusjawaratan Rakjat Sementara (The Provisional People's Consultative Assembly) 7th March-12th March, 1967.
260 _a[Djakarta]
_bDept. of Information, Republic of Indonesia
_c[1968]
300 _a19 p.
_c21 cm.
500 _a"Special issue, no. 031/1968."
651 0 _aIndonesia
_xPolitics and government
_y1966-1998.
999 _c87556
_d87556